Čítanka pro pátý ročník zvláštních škol

Bibliographic Details
Main Authors: Beneš, Karel (Author), Polák, Vladimír (Author)
Format: Book
Language:Czech
PhysicalDescription:175 s. 8°
Published: Praha Státní pedagogické nakladatelství 1966
Edition:4., nezm. vyd.
Series:Učebnice pro zvláštní školy

MARC

LEADER 00000nam a2200000 a 4500
001 vtls001265797
003 SK-MaSNL
005 20260416165339.0
008 251113s1966 xr 0 cze
035 |a SNK000216731 
040 |a SNK  |b slo  |c SNK  |e AACR2 
041 0 |a cze 
044 |a CZ 
100 1 |a Beneš, Karel  |4 aut  |9 282329 
245 1 0 |a Čítanka pro pátý ročník zvláštních škol  |c Karel Beneš, Vladimír Polák 
250 |a 4., nezm. vyd. 
260 |a Praha  |b Státní pedagogické nakladatelství  |c 1966 
300 |a 175 s.  |c 8° 
490 1 |a Učebnice pro zvláštní školy 
700 1 |a Polák, Vladimír  |4 aut  |9 454775 
830 0 |a Učebnice pro zvláštní školy  |9 285892 
958 |a OND 
999 |c 970698  |d 972628 
952 |a SNK  |b SNK  |y PREZ  |7 0  |p 17A0800521  |o snkSC 20924   |0 0  |1 0  |4 0  |d 2012-09-04  |l 0  |r 2025-08-13 00:00:00  |w 2026-02-24 
952 |t P60, <03>, [BOOK], {603}  |a SNK  |b SNK  |y PREZ  |7 0  |o snkSC 20924  |i snkKIP 1483/66  |0 0  |1 0  |4 0  |d 1996-11-11  |l 0  |r 2005-01-01 00:00:00  |w 2026-02-24 
952 |t P60, <04>, [BOOK], {604}  |a SNK  |b SNK  |y VYP  |7 0  |o snkSC 20924 D1  |i snkKIP 1484/66  |0 0  |1 0  |4 0  |d 1996-11-11  |l 0  |r 2005-01-01 00:00:00  |w 2026-02-24